000 00983cam a2200193 4500
001 WS109078
008 000000n 000 0 eng u
035 _a(Sirsi) u109078
110 _aCambridge International Land Institute
_93953
245 _aCambridge International Land Institute
520 _aWeb site for this institute based at the Wilson centre, Fitzwilliam College, Cambridge which aims 'to provide training and professional development programmes and web based information services to property professionals'. Includes the Edward L Erdman Environmental Library, a searchable database of resources and a discussion forum. Also has a password protected area for their students including online tutorials.
650 _aE-LEARNING
650 _aONLINE LEARNING
650 _aACADEMIC
650 _aValuation
_96273
690 _aCAREERS, EDUCATION AND TRAINING
856 4 0 _uhttps://www.cili.org.uk
_zView the website free of charge at www.cili.org.uk...
942 _n0
999 _c119698
_d119698